00483nam a2200157Ia 4500003000400000008004100004040001600045082001600061100001600077245010000093260003800193300001000231650002200241650002800263650003400291GCL140319s9999 xx 000 0 eng d aGCL / cGCL04a341.23bS U1 aSKOLD, NILS10aUNITED NATIONS PEACEKEEPING AFTER THE SUEZ WAR: UNEF 1: THE SWEDISH INVOLVEMENT / cSKOLD, NILS a[S.N] : bHURST COMPANY ، c1996 a230 P04aINTERNATIONAL LAW04aUNITED NATIONS - SWEDEN04aUNITED NATIONS - ARMED FORCES